| 000 | 00919nas a2200289 4500 | ||
|---|---|---|---|
| 001 | BR0804715 | ||
| 003 | BR-BrBNA | ||
| 005 | 20231205111847.0 | ||
| 007 | ta | ||
| 008 | 230509b bl.|||p| |||| 00| 00por d | ||
| 040 |
_aBR-BrBNA _bpor _cBiblioteca Nacional de Agricultura |
||
| 041 | _a(Pt) | ||
| 072 | _aH20; F62 | ||
| 100 | 1 | _aBenchimol, R.L. | |
| 100 | 1 | _aSutton, J.C. | |
| 100 | 1 | _aDias Filho, M.B. | |
| 245 | 1 | _aPotencialidade da casca de caranguejo na redução da incidência de fusariose e na promoção do crescimento de mudas de pimenteira-do-reino | |
| 650 | _aFUSARIOSE | ||
| 650 | _aDOENÇA DE PLANTA | ||
| 650 | _aPIMENTA DO REINO | ||
| 650 | _aCARANGUEJO | ||
| 650 | _aCRESCIMENTO | ||
| 650 | _aMUDA | ||
| 773 | 0 |
_tFitopatologia Brasileira (Brazil) _xISSN 0100-4158 _g(Mar-April 2006), v. 31(2) p. 180-184 _wBR0804715 |
|
| 909 |
_a202311 _bLúcia _c55 _dLúcia Elande |
||
| 942 |
_2AGRIS _n0 _cANA |
||
| 999 |
_c194844 _d194844 |
||